00825nam a2200217 i 450000100060000000300090000600500170001500700030003200800410003502000180007608000150009410000430010924501450015226000450029730000300034249000730037250400300044570000410047583000700051685200210058674078ES-MaACL20250801090222.0t|040915s1977 sp ||||1| spa d a84-265-7205-7 a860-22"17"1 aGonzález del Castillo, Juan Ignacio.13aEl café de Cádiz y otros sainetes / cJuan Ignacio González del Castillo ; edición, introducción y notas, Carmen Bravo-Villasante. aMadrid : bMagisterio Español, c1977. a281 p. : bil. ; c18 cm.1 aNovelas y cuentos ; v203. Literatura española. Teatro siglo XVIII aBibliografía: p. 22-23.1 aBravo-Villasante, Carmen,d1918-199410aNovelas y cuentosv203. Literatura española. Teatro siglo XVIII aES-MaACLjA-8235